Culture Générale - Série 432 - Statistiques

Statistiques générales
  • Ce quiz a été pris 181 fois
  • Le résultat moyen est 3 sur 10
Statistiques - réponses
Question Réponse % Correct
Quelle est la nationalité de la chanteuse Sinéad O'Connor ? Irlandaise
86%
Quel politicien britannique a dit : "Agissez comme s'il était impossible d'échouer" ? Winston Churchill
75%
Quel port de Guadeloupe est le point d'arrivée de la Route du Rhum ? Pointe‐à‐Pitre
44%
Quel acteur incarne l'inspecteur Morvandieu dans le film "Buffet froid" en 1979 ? Bernard Blier
30%
Dans quelle ville le fameux trois‐mâts Belem a‐t‐il été construit ? Nantes
18%
Quelle est la seule femme à avoir reçu une palme d'or à Cannes ? Jane Campion
14%
Quel humoriste et chansonnier a‐t‐on qualifié de "roi des loufoques" ? Pierre Dac
8%
Qui a remporté le premier trophée Jules‐Verne en 1993 ? Bruno Peyron
6%
A qui doit‐on les films intitulés "La Belle Verte" et "Chaos" ? Coline Serreau
5%
Quelle comédienne est "La Nouvelle Eve" pour Catherine Corsini ? Karin Viard
2%
Aucun quiz correspondant
Distribution des résultats
% des personnes avec chaque résultat
Percentile par nombre de réponses
Votre historique - résultats
Vous n’avez pas pris ce quiz